Szczegóły MARC21

Mathematics of gravitation. Pt. 2, Gravitational wave detection /

003 -Nazwa inst., której nr kontr. jest w polu 001 [,]
    • @
    • Nazwa instytucji, której n kontrolny jest w polu 001
    • NUKAT
005 -DATA I CZAS OSTATNIEJ MODYFIKACJI [,]
    • @
    • pole kontrolne
    • 20241231095812.0
040 -Instytucja sporządzająca opis [ , ]
    • a
    • Instytucja, która sporządziła opis (NP)
    • Ł U/MG
    • c
    • Instytucja, która sporządziła rekord (NP)
    • Ł U/MG
    • d
    • Instytucja, która zmodyfikowała rekord (P)
    • Ł U/MK
    • d
    • Instytucja, która zmodyfikowała rekord (P)
    • Ł U/MSs
942 -Rodzaj dokumentu [ , ]
    • c
    • Rodzaj dokumentu
    • Książka
245 -Strefa tytułu i oznaczenia odpowiedzialności [0,0]
    • a
    • Tytuł
    • Mathematics of gravitation. Find
    • n
    • Oznaczenie części (P)
    • Pt. 2,
    • p
    • Nazwa części (P)
    • Gravitational wave detection /
    • c
    • Pozostałe elementy strefy tytułu i oznaczenia odpowiedzialności (NP)
    • ed. of the vol. Andrzej Królak.
246 -Wariant tytułu [3,0]
    • a
    • Tytuł (NP)
    • Gravitational wave detection
260 -Strefa adresu wydawniczego [ , ]
    • a
    • Miejsce wydania (P)
    • Warszawa :
    • b
    • Nazwa wydawcy (P)
    • Instytut Matematyczny Polskiej Akademii Nauk,
    • c
    • Data wydania (P)
    • 1997.
300 -Strefa opisu fizycznego [ , ]
    • a
    • Określenie formy książki i/lub objętość (NP)
    • 285 s. :
    • b
    • Oznaczenie ilustracji (NP)
    • il. ;
    • c
    • Format (NP)
    • 24 cm.
336 -Typ zawartości [ , ]
    • a
    • Termin opisujący typ zawartości
    • Tekst
    • b
    • Kod określający zawartość
    • txt
    • 2
    • Źródło (terminu i kodu)
    • rdacontent
337 -Typ mediów [ , ]
    • a
    • Tryb odtwarzania
    • Bez urządzenia pośredniczącego
    • b
    • Kod typu mediów
    • n
    • 2
    • Źródło (terminu i kodu)
    • rdamedia
338 -Typ/rodzaj nośnika [ , ]
    • a
    • Hasło opisujące typ nośnika
    • Wolumin
    • b
    • Kod typu nośnika
    • nc
    • 2
    • Źródło (terminu i kodu)
    • rdacarrier
490 -Strefa serii i książki wielotomowej - forma nie do wyszukiwania [1, ]
    • a
    • Tytuł (P)
    • Banach Center Publications Find
    • x
    • ISSN (NP)
    • 0137-6934
    • v
    • Numeracja (P)
    • vol. 41, pt. 2
830 -Hasło dodatkowe serii i opisu książki wielotomowej - tytuł ujednolicony/tytuł [ ,0]
    • a
    • Tytuł ujednolicony/tytuł (NP)
    • Banach Center Publications
    • x
    • ISSN
    • 0137-6934
    • v
    • Oznaczenie tomu (NP)
    • 41
    • 9
    • KHW
    • 1157
500 -Uwaga ogólna [ , ]
    • a
    • Uwaga ogólna (NP)
    • Nazwa wyd. w cop.
500 -Uwaga ogólna [ , ]
    • a
    • Uwaga ogólna (NP)
    • Ze wstępu: "This volume [...] constitute the Proceedings of the workshop "Mathematical Aspect of Theories of Gravitation" which was held in the Banach Center of the Institute of Mathematics of the Polish Academy of Sciences, Warsaw, between February 29 and March 30, 1996".
504 -Uwaga dot. bibliogr. załącznikowej [ , ]
    • a
    • Uwaga dot. bibliografii załącznikowej
    • Bibliogr. przy rozdz.
080 -Uniwersalna Klasyfikacja Dziesiętna [ , ]
    • a
    • Symbol klasyfikacji
    • 530.12=20
080 -Uniwersalna Klasyfikacja Dziesiętna [ , ]
    • a
    • Symbol klasyfikacji
    • :517.9=20
080 -Uniwersalna Klasyfikacja Dziesiętna [ , ]
    • a
    • Symbol klasyfikacji
    • :514.7=20
650 -Hasło przedmiotowe [ ,7]
    • a
    • Hasło przedmiotowe
    • Fale grawitacyjne
    • v
    • Określnik formalny
    • konferencje.
    • 2
    • Źródło terminu
    • kaba
    • 9
    • KHW
    • 549887
650 -Hasło przedmiotowe [ ,7]
    • a
    • Hasło przedmiotowe
    • Fizyka matematyczna
    • v
    • Określnik formalny
    • konferencje.
    • 2
    • Źródło terminu
    • kaba
    • 9
    • KHW
    • 353081
650 -Hasło przedmiotowe [ ,7]
    • a
    • Hasło przedmiotowe
    • Grawitacja
    • x
    • Określnik rzeczowy
    • modele matematyczne
    • v
    • Określnik formalny
    • konferencje.
    • 2
    • Źródło terminu
    • kaba
    • 9
    • KHW
    • 686428
650 -Hasło przedmiotowe [ ,7]
    • a
    • Hasło przedmiotowe
    • Względności teoria ogólna
    • v
    • Określnik formalny
    • konferencje.
    • 2
    • Źródło terminu
    • kaba
    • 9
    • KHW
    • 618235
980 -Symbol UKD [ , ]
    • a
    • UKD
    • 530.12=20:517.9=20:514.7=20
700 -Hasło dodatkowe - nazwa osobowa [1, ]
    • a
    • Nazwa osobowa (NP)
    • Królak, Andrzej. Find
    • e
    • Określenie rodzaju współpracy
    • Red.
    • 9
    • KHW
    • 686203
Status udost. Sygnatura Numer inwentarzowy Lokalizacja Data inwentaryzacji
1N.18821/41/2N.18018BG2001-11-09